Interacción social y desarrollo del lenguaje y la cognición

Kaydedildi:
Detaylı Bibliyografya
Yazar: Garton, Alison F (Yazar)
Materyal Türü: Kitap
Dil:İspanyolca
Baskı/Yayın Bilgisi: Barcelona Paidós 1994
Seri Bilgileri:Temas de Educación, 36
Konular:
Etiketler: Etiketle
Etiket eklenmemiş, İlk siz ekleyin!

MARC

LEADER 00000nam a2200000 a 4500
001 UCY5467
003 CL-VaPUC
008 950508e19940000SP |||||||||||||||||spa|d
082 0 4 |a 401.9  |b GAR  |2 21 
100 |a Garton, Alison F  |e author  |9 334270 
245 1 0 |a Interacción social y desarrollo del lenguaje y la cognición 
300 |a 163 p 
942 |c BK 
945 |d 19950508 00:00:00  |a rbrito 
260 |a Barcelona  |b Paidós  |c 1994 
650 0 |a Desarrollo cognitivo  |9 311398 
650 0 |a Psicolingüística   |9 283371 
650 0 |a Comunicación oral  |9 307769 
650 0 |a Lingüística  |9 265068 
583 |a last modification  |c 19950508 00:00:00  |k Rodrigo Vera 
490 0 |a Temas de Educación, 36 
999 |c 233126  |d 233124 
952 |0 0  |1 0  |4 0  |6 401_900000000000000_GAR_1994  |7 0  |8 A  |9 238339  |a BIBEDU  |b BIBEDU  |d 2019-11-18  |i 3082725  |o 401.9 GAR 1994  |p 3082725  |r 2019-11-18  |w 2019-11-18  |y BK  |k EPE